Dynasties of India and Beyond: Pakistan, Sri Lanka, Bangladesh (Record no. 220668)

MARC details
000 -LEADER
fixed length control field 02683nam a22002417a 4500
005 - DATE AND TIME OF LATEST TRANSACTION
control field 20211118103114.0
008 - FIXED-LENGTH DATA ELEMENTS--GENERAL INFORMATION
fixed length control field 211118b ||||| |||| 00| 0 eng d
020 ## - INTERNATIONAL STANDARD BOOK NUMBER
International Standard Book Number 8172234481
040 ## - CATALOGING SOURCE
Transcribing agency AL
041 ## - LANGUAGE CODE
Language code of text/sound track or separate title eng
082 ## - DEWEY DECIMAL CLASSIFICATION NUMBER
Edition number 23
Classification number 954.040
Item number MALD
100 ## - MAIN ENTRY--PERSONAL NAME
Personal name Inder Malhotra
9 (RLIN) 10598
245 ## - TITLE STATEMENT
Title Dynasties of India and Beyond: Pakistan, Sri Lanka, Bangladesh
260 ## - PUBLICATION, DISTRIBUTION, ETC.
Place of publication, distribution, etc. New Delhi
Name of publisher, distributor, etc. Harper Collins Publishers India
Date of publication, distribution, etc. 2003
300 ## - PHYSICAL DESCRIPTION
Extent 363p.
Other physical details HB
Dimensions 23x16 cm.
365 ## - TRADE PRICE
Price type code
Price amount 495.00
Currency code
520 ## - SUMMARY, ETC.
Summary, etc. A perceptive study of the remarkable phenomenon of dynastic rule, and a fascinating account of the Indian subcontinent's social and political history during the second half of the twentieth century.<br/>The durability and unrivalled dominance of India's Nehru-Gandhi dynasty mean that it has long commanded the world's attention, and guaranteed its place in history. However, it is not the only dynasty within India, let alone the neighbouring countries of South Asia and beyond. Indeed, there is a large number of clans striding the political stage in the region – the Senanayakes and the Bandarnaikes were entrenched in Sri Lanka well before Indira Gandhi first became India's prime minister in 1966, and the Bhuttos of Pakistan have left their imprint on the country, now once again under military rule with a civilian facade. In Bangladesh, politics revolve round two competing dynasties, one led by Sheikh Hasina, the orphaned daughter of the new nation's founder-president Sheikh Mujibur Rahman, and the other by Khaleda Zia, the widow of General Ziaur Rahman, its first military ruler.<br/>The many books on the Nehru-Gandhi dynasty have concentrated almost exclusively on the life stories of Jawaharlal Nehru, his daughter Indira Gandhi and her son Rajiv Gandhi who, between them, ruled the country for thirty-seven of the first forty-two years since independence. But none has tried to explain why the dynastic dispensation has taken such firm root in this part of the world or why people vote for dynastic leaders time and again. The question of whether the dynastic phenomenon is a passing phase or whether the dynasties are here to stay also remains unanswered.<br/>Inder Malhotra's book fills this gap and does so with objectivity and sensitivity. He puts the rise of dynasties in the newly independent countries of South Asia in historical perspective, and analyses why, in the Asian milieu, democratically-elected dynasties are likely to last much longer than they did in the West.
650 ## - SUBJECT ADDED ENTRY--TOPICAL TERM
Topical term or geographic name entry element Indian History
9 (RLIN) 10599
650 ## - SUBJECT ADDED ENTRY--TOPICAL TERM
Topical term or geographic name entry element Politics and Government
9 (RLIN) 10600
650 ## - SUBJECT ADDED ENTRY--TOPICAL TERM
Topical term or geographic name entry element Gandhi Family
9 (RLIN) 10601
700 ## - ADDED ENTRY--PERSONAL NAME
Personal name MALHOTRA (Inder)
9 (RLIN) 10602
942 ## - ADDED ENTRY ELEMENTS (KOHA)
Source of classification or shelving scheme Dewey Decimal Classification
Koha item type George Fernandes Collections
Holdings
Withdrawn status Lost status Source of classification or shelving scheme Damaged status Not for loan Collection code Home library Current library Date acquired Total Checkouts Full call number Barcode Date last seen Price effective from Koha item type
    Dewey Decimal Classification     History St Aloysius Library St Aloysius Library 03/24/2013   954.040 MALD GF00453 11/18/2021 11/18/2021 George Fernandes Collections